[Event "Perth Metro CC-chB"]
[Site "Perth"]
[Date "2006.04.27"]
[Round "11"]
[White "Payne, Sophie"]
[Black "Johnstone, Ray"]
[Result "1-0"]
[WhiteElo "1658"]
[BlackElo "1679"]
[PlyCount "63"]
[EventDate "2006.02.02"]
[EventType "tourn"]
[EventRounds "11"]
[EventCountry "AUS"]
[SourceTitle "EXT 2010"]
[Source "ChessBase"]
[SourceDate "2010.11.25"]
[SourceVersion "1"]
[SourceVersionDate "2010.11.25"]
[SourceQuality "1"]

1. e4 e5 2. Nf3 Nc6 3. Bc4 Bc5 4. c3 d6 5. d4 exd4 6. cxd4 Bb4+ 7. Bd2 Bd7 8. Bxf7+ Kxf7 9. Qb3+ Ke8 10. Bxb4 Nxb4 11. Qxb4 Ne7 12. d5 b6 13. 0-0 Rf8 14. Nbd2 Kf7 15. Qb3 Kg8 16. e5 Kh8 17. e6 Be8 18. Nd4 Qc8 19. Nc4 Qb7 20. Ne3 a5 21. Rac1 a4 22. Qc4 Ra7 23. Nb5 Bxb5 24. Qxb5 Ra5 25. Qd7 Nxd5 26. Nxd5 Qxd5 27. Rxc7 Rg8 28. e7 Raa8 29. Re1 Qd2 30. e8Q Raxe8 31. Qxe8 h6 32. Qe3 1-0

[Event "Perth Respini-B"]
[Site "Perth"]
[Date "2005.10.27"]
[Round "8"]
[White "Johnstone, Ray"]
[Black "Payne, Sophie"]
[Result "1-0"]
[WhiteElo "1725"]
[BlackElo "1598"]
[PlyCount "59"]
[EventDate "2005.09.01"]
[EventType "tourn"]
[EventRounds "9"]
[EventCountry "AUS"]
[SourceTitle "EXT 2010"]
[Source "ChessBase"]
[SourceDate "2010.11.25"]
[SourceVersion "1"]
[SourceVersionDate "2010.11.25"]
[SourceQuality "1"]

1. e4 d5 2. exd5 Qxd5 3. Nf3 Bg4 4. Be2 c6 5. 0-0 Nf6 6. Nc3 Qa5 7. d4 e6 8. Bd2 Qc7 9. Bg5 Nbd7 10. Na4 Ne4 11. Bh4 Ndf6 12. Ne5 Bxe2 13. Qxe2 Bd6 14. f3 g5 15. Be1 Bxe5 16. dxe5 Nd5 17. Qxe4 0-0-0 18. Bf2 b6 19. Rfd1 h5 20. Nc3 Rdg8 21. Nxd5 cxd5 22. Qd4 Kb7 23. c4 dxc4 24. Rac1 Rd8 25. Qe4+ Kb8 26. Rd6 f5 27. Qxc4 Qxc4 28. Rxc4 Rxd6 29. exd6 Rd8 30. Bd4 1-0

[Event "Perth Respini-C+"]
[Site "Perth"]
[Date "2005.09.01"]
[Round "1"]
[White "Taylor, K."]
[Black "Payne, Sophie"]
[Result "0-1"]
[WhiteElo "1529"]
[BlackElo "1598"]
[PlyCount "38"]
[EventDate "2005.09.01"]
[EventType "tourn"]
[EventRounds "9"]
[EventCountry "AUS"]
[SourceTitle "EXT 2010"]
[Source "ChessBase"]
[SourceDate "2010.11.25"]
[SourceVersion "1"]
[SourceVersionDate "2010.11.25"]
[SourceQuality "1"]

1. d4 Nf6 2. c4 g6 3. Nc3 Bg7 4. e4 d6 5. Nf3 0-0 6. Bg5 c6 7. Be2 Qc7 8. 0-0 e5 9. dxe5 dxe5 10. Qc2 Nbd7 11. Rfd1 Nc5 12. b4 Ne6 13. Be3 Ng4 14. Bc1 Nd4 15. Qd3 Qb6 16. Rb1 Rd8 17. c5 Qc7 18. h3 Nf6 19. Be3 Nxf3+ 0-1

[Event "WA State-ch"]
[Site "Perth"]
[Date "2004.??.??"]
[Round "2"]
[White "Payne, Sophie"]
[Black "Barber, Haydn J"]
[Result "0-1"]
[WhiteElo "1680"]
[BlackElo "2135"]
[PlyCount "90"]
[EventDate "2004.??.??"]
[EventType "swiss"]
[EventRounds "9"]
[EventCountry "AUS"]
[SourceTitle "EXT 2007"]
[Source "ChessBase"]
[SourceDate "2006.11.23"]
[SourceVersion "1"]
[SourceVersionDate "2006.11.23"]
[SourceQuality "1"]

1. e4 c5 2. Nf3 e6 3. d4 cxd4 4. Nxd4 Nc6 5. Nc3 a6 6. Be2 Nge7 7. Be3 b5 8. Bf3 Bb7 9. g3 Ne5 10. Bg2 Nc4 11. Bc1 Ng6 12. b3 Bb4 13. Bd2 Nxd2 14. Qxd2 Rc8 15. Nde2 Qa5 16. 0-0-0 0-0 17. Kb1 Bxc3 18. Qxc3 Qxc3 19. Nxc3 Rxc3 20. Rxd7 Bc8 21. Rd6 e5 22. Rhd1 Re8 23. Kb2 Rc7 24. Bf1 Kf8 25. c4 b4 26. Rb6 Bg4 27. Rd5 Bc8 28. Rxb4 Bb7 29. Ra5 Rd8 30. Kc1 Rcd7 31. c5 Ne7 32. Rb6 Bxe4 33. Rd6 Rxd6 34. cxd6 Rxd6 35. Bxa6 Nc6 36. Ra4 Bf3 37. Bb7 Ke7 38. b4 Rd1+ 39. Kb2 Rd2+ 40. Kc3 Rxf2 41. b5 Nb8 42. Bxf3 Rxf3+ 43. Kc4 Rf2 44. Kc5 Nd7+ 45. Kc6 Rc2+ 0-1

[Event "WA State-ch"]
[Site "Perth"]
[Date "2004.??.??"]
[Round "6"]
[White "Payne, Sophie"]
[Black "Lockwood, Tom"]
[Result "1-0"]
[WhiteElo "1680"]
[BlackElo "1690"]
[PlyCount "60"]
[EventDate "2004.??.??"]
[EventType "swiss"]
[EventRounds "9"]
[EventCountry "AUS"]
[SourceTitle "EXT 2007"]
[Source "ChessBase"]
[SourceDate "2006.11.23"]
[SourceVersion "1"]
[SourceVersionDate "2006.11.23"]
[SourceQuality "1"]

1. e4 c6 2. d4 d5 3. e5 Bf5 4. c3 e6 5. Nf3 Nd7 6. Be2 c5 7. 0-0 cxd4 8. cxd4 Ne7 9. Nc3 Nc6 10. a3 Nb6 11. Ne1 Rc8 12. g4 Bg6 13. f4 h6 14. f5 Bh7 15. Ng2 Nxd4 16. Bb5+ Nxb5 17. Nxb5 Bc5+ 18. Kh1 exf5 19. gxf5 Qd7 20. Nd6+ Bxd6 21. exd6 0-0 22. f6 g5 23. Qh5 Kh8 24. Qxh6 Rg8 25. Bd2 Rc2 26. Bc3 Qg4 27. Rg1 Nd7 28. Rae1 Qf5 29. Qg7+ Rxg7 30. fxg7+ Kg8 1-0